| 000 | 00931cam a2200229Ka 4500 | ||
|---|---|---|---|
| 040 | _cMZT | ||
| 082 | _a338 DIV 1987 A073 Or. | ||
| 110 | 2 | _aCH2M HILL (Firm) | |
| 245 | 1 | 0 |
_aDraft environmental impact statement : _bKing County solid waste system operating plan (transfer stations and rural landfills) / |
| 246 | 3 | 0 | _aKing County solid waste system operating plan (transfer stations and rural landfills) |
| 260 |
_a[Seattle, Wash.] : _bThe Division, _c[1987] |
||
| 300 |
_a1 v. (various pagings) : _bill., maps ; 28 cm. |
||
| 500 | _a"November 1987." | ||
| 500 | _a"This project is supported by a grant from the Department of Ecology under the provisions of Referendum 39." | ||
| 650 | 0 | _aRefuse and refuse disposal | |
| 650 | 0 | _aRefuse collection | |
| 650 | 0 | _aRefuse disposal facilities | |
| 650 | 0 | _aSanitary landfills | |
| 710 | 1 | _aKing County (Wash.). | |
| 710 | 2 | _aHerrera Environmental Consultants | |
| 942 | _cEK | ||
| 999 |
_c15224 _d15224 |
||